Algebra
שמור ב:
| פורמט: | ספר |
|---|---|
| שפה: | ספרדית |
| יצא לאור: |
Lima
Lexus Editores
2006
|
| סדרה: | Manual de Preparación Pre-Universitaria
|
| נושאים: | |
| תגים: |
הוספת תג
אין תגיות, היה/י הראשונ/ה לתייג את הרשומה!
|
MARC
| LEADER | 00000cam a2200000 a 4500 | ||
|---|---|---|---|
| 001 | UCG9610 | ||
| 003 | CL-VaPUC | ||
| 008 | 120323e20060000PE |||||||||||||||||spa|d | ||
| 020 | |a 9972209105 | ||
| 082 | 0 | 4 | |a 512 |b ALG |2 21 |
| 245 | 1 | 0 | |a Algebra |
| 300 | |a 415 p | ||
| 942 | |c BK | ||
| 945 | |d 20120323 00:00:00 |a dcastane | ||
| 260 | |a Lima |b Lexus Editores |c 2006 | ||
| 500 | |a Incluye DVD con material complementario | ||
| 500 | |a Teoría, conceptos, ejercicios resueltos y propuestos | ||
| 650 | 0 | |a Álgebra |9 259567 | |
| 650 | 0 | |a Funciones (Matemáticas) |9 338128 | |
| 583 | |a last modification |c 20120329 11:39:07 |k Rodrigo Vera | ||
| 490 | 0 | |a Manual de Preparación Pre-Universitaria | |
| 999 | |c 347156 |d 347154 | ||